| 000 | 01111 a2200253 4500 | ||
|---|---|---|---|
| 003 | Nust | ||
| 005 | 20221006135822.0 | ||
| 010 | _a 96049595 | ||
| 020 | _a0121791904 (acid-free paper) | ||
| 040 | _cNust | ||
| 082 | 0 | 0 | _a629.8,COL |
| 100 | 1 |
_aColaneri, Patrizio. _999310 |
|
| 245 | 1 | 0 |
_aControl theory and design : _ban RHb2s and RH [infinity] viewpoint / _cPatrizio Colaneri, Jos⥠C. Geromel, Arturo Locatelli. |
| 260 |
_aSan Diego, Calif. : _bAcademic Press, _cc1997. |
||
| 300 |
_avii, 378 p. : _bill. ; _c25 cm. |
||
| 505 | _aIntroduction (Page-1), Preliminaries (Page-3), Feedback System Stability (Page-69), RH2 Control (Page-87), RH Control (Page-121), Nonclassical Problems In RH2 And RH (Page-195), Uncertain System Control Design (Page-263). | ||
| 650 | 0 | _aAutomatic control. | |
| 650 | 0 | _aControl theory. | |
| 700 | 1 |
_aGeromel, Jos⥠C. _999311 |
|
| 700 | 1 |
_aLocatelli, Arturo. _999312 |
|
| 856 | 4 | 2 |
_3Publisher description _uhttp://www.loc.gov/catdir/description/els032/96049595.html |
| 856 | 4 | 2 |
_3Table of contents _uhttp://www.loc.gov/catdir/toc/els032/96049595.html |
| 942 |
_cREF _2ddc |
||
| 999 |
_c189072 _d189072 |
||